[Event "IX Floripa Chess Open Fort Atacadista"]
[Site "Florianópolis - Santa Catari"]
[Date "2023.01.23"]
[Round "1.243"]
[White "Furtado, Ian"]
[Black "Predebon, Eduardo Angonesi"]
[Result "0-1"]
[WhiteElo "1584"]
[BlackElo "1740"]
[PlyCount "63"]
[EventDate "2023.01.23"]
[EventRounds "10"]
[EventCountry "BRA"]

1. d4 Nf6 2. Bf4 g6 3. Nf3 Bg7 4. e3 d6 5. Nbd2 Nbd7 6. Bd3 O-O 7. O-O Re8 8.
Re1 e5 9. Bg3 e4 10. Nxe4 Nxe4 11. Bf4 Nef6 12. e4 b6 13. e5 dxe5 14. dxe5 Nh5
15. Bg5 f6 16. exf6 Nhxf6 17. Rxe8+ Qxe8 18. Qe1 Bb7 19. Qxe8+ Rxe8 20. Rd1 Kf8
21. Bb5 c6 22. Bc4 Ne5 23. Nxe5 Rxe5 24. Bxf6 Bxf6 25. Rc1 Bd8 26. g3 b5 27.
Bb3 c5 28. Rb1 c4 29. c3 cxb3 30. axb3 Be7 31. c4 bxc4 32. bxc4 0-1

[Event "IX Floripa Chess Open Fort Atacadista"]
[Site "Florianópolis - Santa Catari"]
[Date "2023.01.23"]
[Round "1"]
[White "Dos Santos, Douglas Asterio"]
[Black "De Oliveira, Aquiles Machado"]
[Result "0-1"]
[WhiteElo "1392"]
[BlackElo "2013"]
[PlyCount "29"]
[EventDate "2023.01.23"]
[EventRounds "10"]
[EventCountry "BRA"]

1. d4 Nf6 2. Nf3 g6 3. Bf4 Bg7 4. e3 O-O 5. Be2 d6 6. h3 Nbd7 7. O-O Qe8 8.
Nbd2 e5 9. Bg3 h6 10. Re1 e4 11. Nh2 h5 12. Rc1 Qe7 13. c4 c5 14. h4 Nh7 15. b3
0-1

[Event "IX Floripa Chess Open Fort Atacadista"]
[Site "Florianópolis - Santa Catari"]
[Date "2023.01.23"]
[Round "1.1"]
[White "Cantero, Rodolfo"]
[Black "Espindola, Carlos Marcelo"]
[Result "1-0"]
[WhiteElo "2070"]
[BlackElo "1457"]
[PlyCount "67"]
[EventDate "2023.01.23"]
[EventRounds "10"]
[EventCountry "BRA"]

1. e4 e5 2. Nf3 Nc6 3. Bc4 Nf6 4. d3 Be7 5. O-O d6 6. c3 O-O 7. Re1 Bd7 8. a4
Na5 9. Ba2 c5 10. Nbd2 a6 11. d4 cxd4 12. cxd4 Nc6 13. d5 Nb4 14. Bb1 a5 15. b3
Qc7 16. Bb2 Rfc8 17. Re3 Ng4 18. Rc3 Qb6 19. Qe1 Rxc3 20. Bxc3 Rc8 21. Nc4 Qc5
22. h3 Nf6 23. Bd2 Bd8 24. Be3 Qc7 25. Bb6 Qb8 26. Bxd8 Rxd8 27. Nxa5 Na6 28.
b4 Qc7 29. Bd3 Rc8 30. Nc4 h6 31. a5 Bb5 32. Ncxe5 Bxd3 33. Nxd3 Qc4 34. Rc1
1-0

[Event "IX Floripa Chess Open Fort Atacadista"]
[Site "Florianópolis - Santa Catari"]
[Date "2023.01.23"]
[Round "1.2"]
[White "Figueiredo, Oneide De Souza"]
[Black "Barrientos, Ernesto"]
[Result "0-1"]
[WhiteElo "1304"]
[BlackElo "1934"]
[PlyCount "56"]
[EventDate "2023.01.23"]
[EventRounds "10"]
[EventCountry "BRA"]

1. e4 c5 2. c4 Nc6 3. Nf3 e5 4. Nc3 g6 5. d3 Bg7 6. Nd5 h6 7. Bd2 Nge7 8. Be3
d6 9. h3 O-O 10. Be2 Rb8 11. Qd2 Kh7 12. g4 f5 13. exf5 gxf5 14. Qc1 Nxd5 15.
cxd5 Nb4 16. g5 f4 17. Bd2 Nxd5 18. h4 Bf5 19. gxh6 Bxh6 20. Ng5+ Bxg5 21.
hxg5+ Kg7 22. Rg1 Ne7 23. Qc3 Qe8 24. O-O-O Rh8 25. Bg4 Qa4 26. a3 b5 27. Bxf5
Nxf5 28. Bxf4 Qxf4+ 0-1

[Event "IX Floripa Chess Open Fort Atacadista"]
[Site "Florianópolis - Santa Catari"]
[Date "2023.01.23"]
[Round "1.3"]
[White "Cerrato, Alex"]
[Black "Lopes, Marcia Maria Dias"]
[Result "1-0"]
[WhiteElo "1915"]
[BlackElo "1283"]
[PlyCount "63"]
[EventDate "2023.01.23"]
[EventRounds "10"]
[EventCountry "BRA"]

1. d4 Nf6 2. Nc3 e6 3. Bf4 b6 4. e4 d6 5. Qd2 Nbd7 6. O-O-O Bb7 7. f3 g6 8. g4
h6 9. h4 Bg7 10. Nge2 Qe7 11. Nb5 Qd8 12. Ng3 a6 13. Nc3 Qe7 14. g5 Nh5 15.
Nxh5 gxh5 16. gxh6 Bf6 17. Bg5 O-O-O 18. Be2 e5 19. Nd5 Bxd5 20. exd5 Rdg8 21.
Bxa6+ Kd8 22. f4 exd4 23. Rde1 Qf8 24. Bb5 Bxg5 25. hxg5 f6 26. Bxd7 Kxd7 27.
Rxh5 Qf7 28. Qe2 Re8 29. Qe6+ Qxe6 30. dxe6+ Rxe6 31. Rxe6 Kxe6 32. g6 1-0

[Event "IX Floripa Chess Open Fort Atacadista"]
[Site "Florianópolis - Santa Catari"]
[Date "2023.01.23"]
[Round "1.4"]
[White "Meirelles, Olyntho Vitoria"]
[Black "Tomiello, Mateus Costamilan"]
[Result "0-1"]
[WhiteElo "1428"]
[BlackElo "2051"]
[PlyCount "52"]
[EventDate "2023.01.23"]
[EventRounds "10"]
[EventCountry "BRA"]

1. e4 e5 2. f4 exf4 3. Nf3 g5 4. h4 g4 5. Ne5 Qe7 6. d4 d6 7. Nxg4 Qxe4+ 8. Qe2
Bf5 9. Qxe4+ Bxe4 10. c3 f3 11. gxf3 Bxf3 12. Rg1 Be7 13. Bg5 f6 14. Be3 f5 15.
Nh2 Bxh4+ 16. Bf2 Bxf2+ 17. Kxf2 Be4 18. Nd2 Nd7 19. Re1 Ngf6 20. Bh3 O-O-O 21.
Nxe4 Nxe4+ 22. Kf3 Rdf8 23. Bxf5 Rxf5+ 24. Kxe4 Rf2 25. Nf3 Re8+ 26. Kf4 Rf8+
0-1

[Event "IX Floripa Chess Open Fort Atacadista"]
[Site "Florianópolis - Santa Catari"]
[Date "2023.01.24"]
[Round "2.1"]
[White "Seccafim, Caic Dos Santos"]
[Black "Pichot, Alan"]
[Result "0-1"]
[WhiteElo "1936"]
[BlackElo "2634"]
[PlyCount "23"]
[EventDate "2023.01.23"]
[EventRounds "10"]
[EventCountry "BRA"]

1. e4 c5 2. Nf3 Nc6 3. d3 g6 4. g3 Bg7 5. Bg2 e5 6. O-O Nge7 7. c3 d5 8. Nbd2
d4 9. Qc2 O-O 10. Rd1 h6 11. Nf1 Be6 12. Ne1 0-1

[Event "IX Floripa Chess Open Fort Atacadista"]
[Site "Florianópolis - Santa Catari"]
[Date "2023.01.24"]
[Round "2.2"]
[White "Mareco, Sandro"]
[Black "Soares, Renan Barbosa Monte"]
[Result "1-0"]
[WhiteElo "2625"]
[BlackElo "1941"]
[PlyCount "45"]
[EventDate "2023.01.23"]
[EventRounds "10"]
[EventCountry "BRA"]

1. Nf3 Nf6 2. c4 g6 3. Nc3 Bg7 4. e4 d6 5. d4 O-O 6. Be2 c5 7. O-O cxd4 8. Nxd4
Nc6 9. Be3 Bd7 10. f3 Nxd4 11. Bxd4 Bc6 12. b4 b6 13. Qd2 Nd7 14. a3 Bb7 15.
Rac1 a5 16. Rfd1 axb4 17. axb4 f5 18. Bxg7 Kxg7 19. exf5 Rxf5 20. Nb5 Ne5 21.
Qb2 Qf8 22. Nd4 Rf6 23. f4 1-0

[Event "IX Floripa Chess Open Fort Atacadista"]
[Site "Florianópolis - Santa Catari"]
[Date "2023.01.24"]
[Round "2.3"]
[White "Barrientos, Ernesto"]
[Black "Fier, Alexandr"]
[Result "0-1"]
[WhiteElo "1934"]
[BlackElo "2602"]
[PlyCount "80"]
[EventDate "2023.01.23"]
[EventRounds "10"]
[EventCountry "BRA"]

1. e4 c5 2. Nf3 d6 3. d4 cxd4 4. Nxd4 Nf6 5. Nc3 e6 6. Be2 Be7 7. Be3 O-O 8.
O-O Nc6 9. f4 Bd7 10. Kh1 a6 11. a4 Rc8 12. Bf3 Na5 13. g4 Nc4 14. Bc1 h6 15.
b3 Na5 16. Bb2 Nc6 17. Nde2 e5 18. f5 Nb4 19. Ng3 Bc6 20. Rf2 Qc7 21. Rd2 Rfd8
22. Qe2 Ne8 23. Qg2 Bg5 24. Re2 Nf6 25. Rd1 Qa5 26. Nd5 Bxd5 27. exd5 Na2 28.
Rd3 b5 29. axb5 axb5 30. Ne4 Nxe4 31. Rxe4 Nb4 32. Rc3 Nxd5 33. Rxc8 Rxc8 34.
c4 Nf6 35. Re2 bxc4 36. Rc2 d5 37. bxc4 d4 38. Qe2 d3 39. Qxd3 Qe1+ 40. Kg2 e4
0-1

[Event "IX Floripa Chess Open Fort Atacadista"]
[Site "Florianópolis - Santa Catari"]
[Date "2023.01.24"]
[Round "2.4"]
[White "Delgado Ramirez, Neuris"]
[Black "Heinechen, John"]
[Result "1-0"]
[WhiteElo "2562"]
[BlackElo "1935"]
[PlyCount "64"]
[EventDate "2023.01.23"]
[EventRounds "10"]
[EventCountry "BRA"]

1. e4 c5 2. Nc3 Nc6 3. f4 g6 4. Nf3 Bg7 5. Bb5 Nd4 6. Bd3 d6 7. O-O e6 8. e5
Nh6 9. Ne4 dxe5 10. fxe5 O-O 11. Nf6+ Bxf6 12. exf6 Qxf6 13. Be4 Nxf3+ 14. Bxf3
Nf5 15. d3 Rb8 16. g4 Qd4+ 17. Kh1 Nh4 18. Be4 f5 19. c3 Qd6 20. gxf5 Nxf5 21.
d4 cxd4 22. cxd4 Qxd4 23. Qxd4 Nxd4 24. Bf4 Ra8 25. Rad1 Nf5 26. Rc1 Ne7 27.
Rcd1 Nd5 28. Rxd5 exd5 29. Bxd5+ Rf7 30. Bh6 Bf5 31. Re1 Bd7 32. Kg1 Re8 1-0

[Event "IX Floripa Chess Open Fort Atacadista"]
[Site "Florianópolis - Santa Catari"]
[Date "2023.01.24"]
[Round "2.5"]
[White "Reichert, Thiago Da Cruz"]
[Black "Mekhitarian, Krikor Sevag"]
[Result "0-1"]
[WhiteElo "1930"]
[BlackElo "2551"]
[PlyCount "54"]
[EventDate "2023.01.23"]
[EventRounds "10"]
[EventCountry "BRA"]

1. d4 Nf6 2. c4 e6 3. Nf3 d5 4. e3 Be7 5. Nc3 O-O 6. cxd5 exd5 7. Bd3 Bg4 8.
O-O Nbd7 9. Rb1 a6 10. b4 Bd6 11. h3 Bh5 12. g4 Bg6 13. g5 Ne4 14. Nxd5 c6 15.
Nf4 Bxf4 16. exf4 Nc3 17. Qc2 Bxd3 18. Qxd3 Nxb1 19. Qxb1 Nb6 20. Kg2 Qd5 21.
h4 Rfe8 22. h5 Nc4 23. Kg3 Nd6 24. h6 Nf5+ 25. Kg4 g6 26. Qd3 Rad8 27. Be3 Qd7
0-1

[Event "IX Floripa Chess Open Fort Atacadista"]
[Site "Florianópolis - Santa Catari"]
[Date "2023.01.24"]
[Round "2.6"]
[White "Cuenca Jimenez, Jose Fernando"]
[Black "Souza, Ramon Santana De"]
[Result "1/2-1/2"]
[WhiteElo "2545"]
[BlackElo "1933"]
[PlyCount "40"]
[EventDate "2023.01.23"]
[EventRounds "10"]
[EventCountry "BRA"]

1. Nf3 g6 2. c4 Bg7 3. d4 d6 4. Nc3 e5 5. e4 exd4 6. Nxd4 Ne7 7. Be3 Nbc6 8.
Be2 O-O 9. O-O f5 10. exf5 Bxd4 11. Bxd4 Nxf5 12. Be3 Nxe3 13. fxe3 Rxf1+ 14.
Bxf1 Be6 15. Qf3 Qg5 16. Qf4 Qc5 17. Ne4 Qe5 18. Qxe5 Nxe5 19. b3 Ng4 20. Nc3
Bd7 1/2-1/2

[Event "IX Floripa Chess Open Fort Atacadista"]
[Site "Florianópolis - Santa Catari"]
[Date "2023.01.24"]
[Round "2.7"]
[White "Rodriguez Farias, Eduardo"]
[Black "Barbosa, Evandro Amorim"]
[Result "0-1"]
[WhiteElo "1919"]
[BlackElo "2482"]
[PlyCount "60"]
[EventDate "2023.01.23"]
[EventRounds "10"]
[EventCountry "BRA"]

1. e4 c5 2. c3 Nf6 3. Bd3 Nc6 4. Bc2 d5 5. exd5 Qxd5 6. Qf3 Bg4 7. Qxd5 Nxd5 8.
f3 Bh5 9. Ne2 Bg6 10. Ba4 Bd3 11. Na3 O-O-O 12. Bb5 Ne5 13. f4 Bxb5 14. fxe5
Bxe2 15. Kxe2 Nf4+ 16. Ke3 Nd3 17. Rf1 f6 18. Nc4 b5 19. Nd6+ exd6 20. Kxd3
dxe5+ 21. Ke4 Be7 22. a4 b4 23. d3 g6 24. Bd2 f5+ 25. Kxe5 Rhe8 26. Kf4 Rxd3
27. Be1 Bd8 28. Rf3 Re4+ 29. Kg3 Bh4+ 30. Kh3 Bxe1 0-1

[Event "IX Floripa Chess Open Fort Atacadista"]
[Site "Florianópolis - Santa Catari"]
[Date "2023.01.24"]
[Round "2.8"]
[White "Di Berardino, Diego Rafael"]
[Black "Schena, Arthur"]
[Result "1-0"]
[WhiteElo "2458"]
[BlackElo "1918"]
[PlyCount "33"]
[EventDate "2023.01.23"]
[EventRounds "10"]
[EventCountry "BRA"]

1. Nf3 Nf6 2. g3 g6 3. b3 Bg7 4. Bb2 O-O 5. Bg2 d6 6. d4 Nbd7 7. O-O Re8 8. c4
e5 9. dxe5 Ng4 10. Nc3 Ngxe5 11. Qd2 Nc5 12. Rfd1 Qf6 13. Nxe5 dxe5 14. Nd5 Qd6
15. Qa5 Na6 16. c5 Qd8 17. Nb4 1-0

[Event "IX Floripa Chess Open Fort Atacadista"]
[Site "Florianópolis - Santa Catari"]
[Date "2023.01.24"]
[Round "2.9"]
[White "Muzzi, Eduardo"]
[Black "Lima, Darcy"]
[Result "0-1"]
[WhiteElo "1917"]
[BlackElo "2439"]
[PlyCount "28"]
[EventDate "2023.01.23"]
[EventRounds "10"]
[EventCountry "BRA"]

1. d4 d5 2. Nf3 Nf6 3. Bg5 e6 4. e3 Nbd7 5. Bd3 c5 6. c3 Qc7 7. Nbd2 c4 8. Bc2
b5 9. a3 Bb7 10. Bf4 Bd6 11. Bxd6 Qxd6 12. Qe2 O-O 13. O-O Rfe8 14. Rfe1 Ne4
0-1

[Event "IX Floripa Chess Open Fort Atacadista"]
[Site "Florianópolis - Santa Catari"]
[Date "2023.01.24"]
[Round "2.10"]
[White "Rodriguez Vila, Andres"]
[Black "Cerrato, Alex"]
[Result "1-0"]
[WhiteElo "2435"]
[BlackElo "1915"]
[PlyCount "77"]
[EventDate "2023.01.23"]
[EventRounds "10"]
[EventCountry "BRA"]

1. d4 d5 2. c4 e5 3. dxe5 d4 4. Nf3 Nc6 5. a3 Nge7 6. e3 Bg4 7. Be2 Ng6 8. Nxd4
Bxe2 9. Kxe2 Ngxe5 10. Nxc6 Nxc6 11. Qxd8+ Rxd8 12. Bd2 Bd6 13. Bc3 O-O 14. Nd2
Rfe8 15. Rhd1 Ne5 16. h3 c6 17. g3 f5 18. f4 Nf7 19. b4 Bc7 20. c5 Rd7 21. Nc4
Rde7 22. Rd3 g5 23. Rf1 Re4 24. Nd2 R4e7 25. fxg5 Bxg3 26. Rxf5 Be5 27. Bxe5
Nxe5 28. Rd4 Kg7 29. h4 Ng6 30. Nc4 b5 31. cxb6 axb6 32. Rf3 c5 33. bxc5 bxc5
34. Rg4 Re4 35. Rxe4 Rxe4 36. Nd6 Ra4 37. h5 Ne5 38. Rf5 Ng4 39. Rf4 1-0

[Event "IX Floripa Chess Open Fort Atacadista"]
[Site "Florianópolis - Santa Catari"]
[Date "2023.01.24"]
[Round "2.11"]
[White "Feller, Gabriela Luisa Vice"]
[Black "Matsuura, Everaldo"]
[Result "0-1"]
[WhiteElo "1914"]
[BlackElo "2426"]
[PlyCount "46"]
[EventDate "2023.01.23"]
[EventRounds "10"]
[EventCountry "BRA"]

1. d4 Nf6 2. c4 e6 3. Nf3 c5 4. d5 b5 5. dxe6 fxe6 6. cxb5 d5 7. e3 Bd6 8. Be2
O-O 9. O-O Bb7 10. Nbd2 Qe7 11. b3 Nbd7 12. Bb2 e5 13. Rc1 e4 14. Nh4 Qe6 15.
g3 a6 16. a4 axb5 17. Bxb5 Qh3 18. Be2 Be5 19. Ba3 g5 20. Ng2 d4 21. exd4 cxd4
22. f4 e3 23. Bf3 Ng4 0-1

[Event "IX Floripa Chess Open Fort Atacadista"]
[Site "Florianópolis - Santa Catari"]
[Date "2023.01.24"]
[Round "2.12"]
[White "Languidey, Simon Alejandro"]
[Black "Da Luz, Felipe Garcia"]
[Result "1-0"]
[WhiteElo "2403"]
[BlackElo "1914"]
[PlyCount "87"]
[EventDate "2023.01.23"]
[EventRounds "10"]
[EventCountry "BRA"]

1. e4 c5 2. Nf3 e6 3. d4 cxd4 4. Nxd4 Nc6 5. Nxc6 bxc6 6. Bd3 d5 7. O-O Nf6 8.
Nd2 Bd6 9. Qe2 Qc7 10. h3 h5 11. c4 Bb7 12. b3 h4 13. Bb2 Nh5 14. e5 Bc5 15.
Qf3 Qe7 16. cxd5 cxd5 17. Rfc1 Bb4 18. Nf1 g5 19. Nh2 a6 20. Ng4 Rc8 21. Rxc8+
Bxc8 22. Rc1 Bb7 23. Bd4 Kd7 24. Qe2 Rc8 25. Rxc8 Kxc8 26. Bxa6 Nf4 27. Qb5
Bxa6 28. Qxa6+ Qb7 29. Qxb7+ Kxb7 30. Kf1 Ng6 31. Nh6 Nh8 32. Be3 Bc3 33. Ke2
f6 34. exf6 Bxf6 35. Ng4 Be7 36. Ne5 Bd6 37. Nf3 e5 38. Bxg5 e4 39. Nxh4 d4 40.
Nf5 Bc5 41. Ng3 d3+ 42. Kd1 Bxf2 43. Nxe4 Bb6 44. Kd2 1-0

[Event "IX Floripa Chess Open Fort Atacadista"]
[Site "Florianópolis - Santa Catari"]
[Date "2023.01.24"]
[Round "2.13"]
[White "Bassani, Jaison Jose"]
[Black "Umetsubo, Cesar Hidemitsu"]
[Result "0-1"]
[WhiteElo "1913"]
[BlackElo "2365"]
[PlyCount "46"]
[EventDate "2023.01.23"]
[EventRounds "10"]
[EventCountry "BRA"]

1. e4 c6 2. c4 d5 3. exd5 cxd5 4. cxd5 Nf6 5. Nc3 Nxd5 6. Nf3 Nc6 7. Bb5 e6 8.
O-O Be7 9. d4 O-O 10. Re1 Qd6 11. Bd3 Rd8 12. Ne4 Qc7 13. Bb1 b6 14. a3 Bb7 15.
Qc2 g6 16. Bh6 Rac8 17. Ba2 Nxd4 18. Nxd4 Qxc2 19. Nxc2 Rxc2 20. Rab1 Nf6 21.
Ng5 Bc5 22. Nxf7 Bxf2+ 23. Kh1 Bc5 0-1

[Event "IX Floripa Chess Open Fort Atacadista"]
[Site "Florianópolis - Santa Catari"]
[Date "2023.01.24"]
[Round "2.14"]
[White "Cori T., Deysi"]
[Black "Bail, Ellen Larissa"]
[Result "1-0"]
[WhiteElo "2356"]
[BlackElo "1913"]
[PlyCount "127"]
[EventDate "2023.01.23"]
[EventRounds "10"]
[EventCountry "BRA"]

1. c4 e6 2. g3 Nf6 3. Bg2 d5 4. Nf3 Be7 5. O-O O-O 6. b3 b6 7. Bb2 Bb7 8. Qc2
dxc4 9. Ng5 Bxg2 10. Bxf6 g6 11. Nxe6 fxe6 12. Bxe7 cxb3 13. axb3 Qxe7 14. Kxg2
Qd6 15. Nc3 c5 16. Qe4 Nc6 17. d3 Nd4 18. Rfb1 Qc6 19. Qxc6 Nxc6 20. Nb5 Rf7
21. Ra4 e5 22. Re4 Raf8 23. f3 Rd8 24. h4 Rf5 25. Ra1 Rd7 26. Ra6 Rff7 27. Kf2
Rfe7 28. Ra3 Nd4 29. Nc3 Nc2 30. Ra2 Nb4 31. Ra1 Rd4 32. Nb5 Rxe4 33. fxe4 a6
34. Na3 h5 35. Ke3 Re6 36. Kd2 Kf7 37. Nc4 Ke7 38. Ne3 Rd6 39. Kc3 b5 40. g4
hxg4 41. Nxg4 Re6 42. Kd2 Kd6 43. Rf1 Nc6 44. Kc3 a5 45. Rf7 Re7 46. Rf6+ Re6
47. Rf8 Ke7 48. Ra8 Kd7 49. Rg8 Kc7 50. Rg7+ Kb6 51. Ne3 Nb4 52. Nd5+ Nxd5+ 53.
exd5 Rd6 54. e4 Rf6 55. Re7 Rf4 56. Rxe5 Rxh4 57. Re6+ Kb7 58. Rxg6 c4 59. bxc4
bxc4 60. Kxc4 a4 61. Kb5 Rh3 62. Rb6+ Kc7 63. Rc6+ Kd7 64. Rc3 1-0

[Event "IX Floripa Chess Open Fort Atacadista"]
[Site "Florianópolis - Santa Catari"]
[Date "2023.01.24"]
[Round "2.15"]
[White "Andrade, Guilherme A. De Sou"]
[Black "Filgueiras, Nathan Felipe"]
[Result "0-1"]
[WhiteElo "1913"]
[BlackElo "2356"]
[PlyCount "100"]
[EventDate "2023.01.23"]
[EventRounds "10"]
[EventCountry "BRA"]

1. e4 c5 2. Nf3 Nc6 3. d4 cxd4 4. Nxd4 d5 5. Nxc6 bxc6 6. Nc3 e6 7. Bd3 Nf6 8.
O-O Be7 9. Bf4 O-O 10. Re1 Re8 11. a3 Qb6 12. Rb1 Ba6 13. h3 Bxd3 14. cxd3 Nd7
15. d4 a5 16. h4 Bxh4 17. exd5 exd5 18. Qg4 Rxe1+ 19. Rxe1 Qd8 20. Re3 Bf6 21.
Rg3 Nf8 22. Na4 Bxd4 23. Bh6 Qf6 24. Bf4 Ng6 25. Be3 Be5 26. Rh3 Qe6 27. Qh5 h6
28. Nc5 Qe7 29. Nd3 Bf6 30. Bc5 Qd7 31. Rf3 Re8 32. Be3 Qe7 33. Bc5 Qd8 34. Be3
Ne5 35. Nxe5 Rxe5 36. Qg4 Bg5 37. Bxg5 Rxg5 38. Qf4 Qd7 39. Qb8+ Kh7 40. Qf4 f6
41. Qa4 Qg4 42. Qc2+ Qe4 43. Qc3 d4 44. Qb3 Qe1+ 45. Kh2 Rh5+ 46. Rh3 Rxh3+ 47.
Qxh3 Qxf2 48. Qd3+ f5 49. Qh3 Qf4+ 50. Kh1 Qe4 0-1

[Event "IX Floripa Chess Open Fort Atacadista"]
[Site "Florianópolis - Santa Catari"]
[Date "2023.01.24"]
[Round "2.16"]
[White "Gomes, Luiz Alexandre De S"]
[Black "Bassani, Eduardo"]
[Result "1-0"]
[WhiteElo "2335"]
[BlackElo "1912"]
[PlyCount "105"]
[EventDate "2023.01.23"]
[EventRounds "10"]
[EventCountry "BRA"]

1. e4 d6 2. d4 Nf6 3. Nc3 e5 4. Nf3 Nbd7 5. Bc4 Be7 6. O-O O-O 7. h3 c6 8. dxe5
dxe5 9. Qe2 b5 10. Bb3 Qc7 11. a3 Nc5 12. Ba2 Be6 13. Bxe6 Nxe6 14. Be3 Rfd8
15. Rfd1 h6 16. g3 a6 17. Rac1 Nh7 18. Kg2 Nhg5 19. h4 Nxf3 20. Qxf3 Rxd1 21.
Qxd1 Rd8 22. Qg4 Qd7 23. Qh5 Bf6 24. Ne2 g6 25. Qf3 Bg7 26. Nc3 Nd4 27. Qd1 f5
28. exf5 Qxf5 29. Qd3 Rd6 30. Qe4 Qxe4+ 31. Nxe4 Rd5 32. c4 bxc4 33. Rxc4 Kf7
34. Nc3 Rd6 35. Ra4 c5 36. Ne4 Rc6 37. Rc4 Bf8 38. f4 Ke6 39. fxe5 Kxe5 40. Nc3
Nb3 41. Re4+ Kf6 42. Re8 Kf7 43. Rb8 Na5 44. Ne4 Nc4 45. Rb7+ Ke6 46. Bf2 Kd5
47. Nc3+ Ke6 48. Na4 Be7 49. Rb8 h5 50. Ra8 Bf6 51. Nxc5+ Kd5 52. Nxa6 Re6 53.
Nc7+ 1-0

[Event "IX Floripa Chess Open Fort Atacadista"]
[Site "Florianópolis - Santa Catari"]
[Date "2023.01.24"]
[Round "2.17"]
[White "Cavalcante, Adriano Nunes"]
[Black "Almiron, Antonio"]
[Result "0-1"]
[WhiteElo "1909"]
[BlackElo "2334"]
[PlyCount "104"]
[EventDate "2023.01.23"]
[EventRounds "10"]
[EventCountry "BRA"]

1. Nf3 c5 2. c4 g6 3. g3 Bg7 4. Bg2 Nc6 5. O-O e6 6. e3 Nge7 7. d4 cxd4 8. exd4
d5 9. cxd5 Nxd5 10. Bg5 Qb6 11. Nc3 Qxb2 12. Nxd5 exd5 13. Re1+ Be6 14. Rb1
Qxa2 15. Rxb7 O-O 16. Ne5 Nxe5 17. dxe5 Rab8 18. Rc7 Rfc8 19. Rxc8+ Rxc8 20.
Qd4 Bf8 21. Ra1 Bc5 22. Rxa2 Bxd4 23. Be3 Bxe3 24. fxe3 d4 25. Rxa7 dxe3 26.
Ra8 Rxa8 27. Bxa8 Bh3 28. Bf3 Kf8 29. Be2 Ke7 30. Bf1 Bg4 31. Bg2 Ke6 32. Kf1
Kxe5 33. h3 Be6 34. Ke2 Kd4 35. h4 Bg4+ 36. Ke1 h6 37. Bc6 Be6 38. Bf3 g5 39.
hxg5 hxg5 40. Bc6 Bd5 41. Bd7 Ke4 42. Bg4 f5 43. Bh5 Bc4 44. Bg6 Ke5 45. Be8
Bd3 46. Bc6 Be4 47. Bd7 Bf3 48. Bc8 f4 49. gxf4+ gxf4 50. Ba6 Bg4 51. Bb5 f3
52. Bc6 Kf4 0-1

[Event "IX Floripa Chess Open Fort Atacadista"]
[Site "Florianópolis - Santa Catari"]
[Date "2023.01.24"]
[Round "2.18"]
[White "Lujan, Carolina"]
[Black "Bastos, Guilherme Exterhott"]
[Result "1/2-1/2"]
[WhiteElo "2324"]
[BlackElo "1902"]
[PlyCount "72"]
[EventDate "2023.01.23"]
[EventRounds "10"]
[EventCountry "BRA"]

1. e4 Nf6 2. e5 Nd5 3. d4 d6 4. Nf3 Nd7 5. c4 N5b6 6. exd6 exd6 7. Bd3 Be7 8.
O-O O-O 9. Nc3 Nf6 10. h3 Nbd7 11. Re1 Re8 12. b3 c6 13. Bb2 d5 14. Ne5 Bd6 15.
f4 Nf8 16. c5 Bc7 17. Rf1 Ne6 18. Ne2 Ne4 19. Bxe4 dxe4 20. f5 Nf8 21. Qc2 Nd7
22. Rad1 Qe7 23. Nxd7 Bxd7 24. d5 cxd5 25. f6 Qe6 26. fxg7 Be5 27. Nf4 Bxf4 28.
Rxf4 Bc6 29. Rdf1 Re7 30. Rf6 Qd7 31. Rd6 Qe8 32. a4 Re6 33. Rxe6 Qxe6 34. Rf6
Qe8 35. Qe2 Rd8 36. Bd4 Rd7 1/2-1/2

[Event "IX Floripa Chess Open Fort Atacadista"]
[Site "Florianópolis - Santa Catari"]
[Date "2023.01.24"]
[Round "2.19"]
[White "Freitas, Ronan Cunha"]
[Black "Flores Quillas, Diego Saul Rodri"]
[Result "0-1"]
[WhiteElo "1898"]
[BlackElo "2321"]
[PlyCount "90"]
[EventDate "2023.01.23"]
[EventRounds "10"]
[EventCountry "BRA"]

1. d4 Nf6 2. c4 e6 3. Nf3 Bb4+ 4. Nbd2 b6 5. g3 Bb7 6. Bg2 O-O 7. O-O Bxd2 8.
Qxd2 d6 9. b3 Nbd7 10. Bb2 Be4 11. b4 a6 12. Rfd1 b5 13. c5 Nb8 14. Rac1 Nc6
15. Qe1 a5 16. cxd6 Qxd6 17. d5 exd5 18. bxa5 Rfe8 19. Qc3 Ra6 20. e3 h6 21.
Qc5 Qxc5 22. Rxc5 Nxa5 23. Rxc7 Nc4 24. Bxf6 Rxf6 25. Nd4 Bxg2 26. Kxg2 Ra8 27.
Ra1 Ra3 28. Nb3 Rfa6 29. Rc8+ Kh7 30. Rc5 Rxa2 31. Rxa2 Rxa2 32. Kf3 Ne5+ 33.
Kg2 Ng4 34. Kf3 f5 35. Kg2 Rxf2+ 36. Kg1 Rb2 37. Rxb5 Nxe3 38. Nd4 Rg2+ 39. Kh1
Rd2 40. Nf3 Rd1+ 41. Ng1 d4 42. Re5 Rf1 43. Re8 d3 44. Rd8 Rd1 45. h3 d2 0-1

[Event "IX Floripa Chess Open Fort Atacadista"]
[Site "Florianópolis - Santa Catari"]
[Date "2023.01.24"]
[Round "2.20"]
[White "Labussiere, Victor"]
[Black "Kayser, Gustavo Warmling"]
[Result "1/2-1/2"]
[WhiteElo "2315"]
[BlackElo "1898"]
[PlyCount "129"]
[EventDate "2023.01.23"]
[EventRounds "10"]
[EventCountry "BRA"]

1. e4 e5 2. Bc4 Nf6 3. d3 c6 4. Nf3 d5 5. Bb3 Nbd7 6. O-O Be7 7. Nc3 d4 8. Ne2
O-O 9. Ng3 h6 10. Nf5 Re8 11. Kh1 Bf8 12. g4 Nc5 13. Rg1 Nxb3 14. axb3 Nh7 15.
Bd2 Ng5 16. Qe2 g6 17. h4 Nxf3 18. Qxf3 Kh7 19. g5 Bxf5 20. exf5 Qd5 21. fxg6+
fxg6 22. Qxd5 cxd5 23. Ra5 Rac8 24. Rc1 e4 25. Rxd5 exd3 26. Rxd4 Rxc2 27. Rxc2
dxc2 28. Rc4 hxg5 29. hxg5 Re2 30. Rc7+ Kg8 31. Rxc2 Rxf2 32. b4 Bxb4 33. Rc8+
Bf8 34. Bb4 Rf7 35. Kg2 Kg7 36. Bc3+ Kh7 37. b4 Bg7 38. Bd2 Bd4 39. Kg3 a6 40.
Bf4 Rd7 41. Kf3 Bg7 42. Ke3 Bd4+ 43. Ke4 Bg7 44. Ke3 Bd4+ 45. Ke4 Bg7 46. Be3
Bb2 47. Bc5 Bg7 48. Re8 Bc3 49. Re6 Bd2 50. Be7 Kg7 51. Bf6+ Kf7 52. Rb6 Be1
53. Be5 Re7 54. Rf6+ Ke8 55. Kd5 Rxe5+ 56. Kxe5 Bc3+ 57. Ke6 Bxf6 58. Kxf6 Kf8
59. Kxg6 Kg8 60. Kf6 b6 61. Ke5 a5 62. bxa5 bxa5 63. g6 Kg7 64. Kd5 Kxg6 65.
Kc4 1/2-1/2

[Event "IX Floripa Chess Open Fort Atacadista"]
[Site "Florianópolis - Santa Catari"]
[Date "2023.01.24"]
[Round "2.21"]
[White "Cristino, Felipe Borges"]
[Black "Rodrigues, Edgar"]
[Result "0-1"]
[WhiteElo "1893"]
[BlackElo "2299"]
[PlyCount "60"]
[EventDate "2023.01.23"]
[EventRounds "10"]
[EventCountry "BRA"]

1. d4 Nf6 2. c4 c5 3. d5 e6 4. Nc3 exd5 5. cxd5 d6 6. e4 g6 7. Nf3 Bg7 8. h3
O-O 9. Bd3 Na6 10. O-O Nc7 11. Re1 a6 12. a4 Rb8 13. a5 b5 14. axb6 Rxb6 15.
Nd2 Nb5 16. Nc4 Rb8 17. f4 Nh5 18. e5 dxe5 19. fxe5 Nxc3 20. bxc3 Qxd5 21. Be2
Qe6 22. Qa4 Bb7 23. Bxh5 gxh5 24. Nd6 Bd5 25. c4 Bxe5 26. cxd5 Qxd6 27. Rxe5
Qxe5 28. Bf4 Qf6 29. Bxb8 Rxb8 30. Qxa6 Rb1+ 0-1